| 000 | 00927cam a2200289 i 4500 | ||
|---|---|---|---|
| 001 | 18499327 | ||
| 005 | 20201128023952.0 | ||
| 008 | 150220s2016 enka frbd 001 0 eng d | ||
| 020 | _a9781138775848 | ||
| 040 |
_aDLC _beng _cDLC _dDLC _dEG-ScBUE |
||
| 082 | 0 | 4 |
_a352.748 _222 _bDIN |
| 100 | 1 | _aDinnie, Keith. | |
| 245 | 1 | 0 |
_aNation branding : _bconcepts, issues, practice / _cKeith Dinnie. |
| 250 | _a2nd ed. | ||
| 260 |
_aOxon ; _aNew York : _bRoutledge / Taylor & Francis Group, _c2016. |
||
| 300 |
_axxx, 275 p. : _bill. ; _c24 cm. |
||
| 500 | _aGlossary : p. 269-270. | ||
| 500 | _aIndex : p. 271-275. | ||
| 504 | _aIncludes bibliographical references. | ||
| 650 | 7 |
_aNation-state. _2BUEsh _915665 |
|
| 650 | 7 |
_aPlace marketing. _2BUEsh _939165 |
|
| 650 | 7 |
_aBranding (Marketing) _2BUEsh _910059 |
|
| 650 | 7 |
_aInternational relations. _2BUEsh _91135 |
|
| 651 | _2BUEsh | ||
| 653 |
_bBUSADM _cOctober2016 |
||
| 942 | _2ddc | ||
| 999 |
_c22951 _d22923 |
||